000
00197 a2200097 4500
001
1609
100
_a
Pulsifer, H.B
245
_a
Inspection of metals
260
_a
_b
A.S.M
_c
090
_c
1147
_d
1147
942
_a
NUST-CAE
_c
M
_c
1636
999
_c
236682
_d
236682